[Event "Sharjah Master 2024"]
[Site "Shsrjah - Abu Dhabi"]
[Date "2024.05.21"]
[Round "?"]
[White "Sarana, Alexey"]
[Black "Erigaisi Arjun"]
[Result "1/2-1/2"]
[WhiteElo "2706"]
[BlackElo "2761"]
[PlyCount "32"]
[EventDate "2024.05.14"]
[EventCountry "UAE"]

1. d4 Nf6 2. c4 g6 3. Nc3 d5 4. Bf4 Bg7 5. e3 c5 6. dxc5 Qa5 7. Rc1 dxc4 8. Bxc4 O-O 9. Nge2 Qxc5 10. Qb3 Qa5 $146 ({RR} 10... Nc6 11. Nb5 Qh5 12. Nc7 Rb8 13. Bxf7+ Rxf7 14. Rxc6 Bg4 15. Ne6 Bxe2 16. Rc5 Qg4 17. Bxb8 h6 18. Nd8 e6 19. Qxe6 Qb4+ 20. Kxe2 Qxb2+ 21. Kf3 Kh7 22. Qxf7 Qb4 23. Qc4 Qd2 24. Rc7 Qxd8 25. Rxg7+ {Makarian,R (2525)-Yeremyan,A (2279) chess.com INT 2024 1-0}) 11. O-O Nbd7 12. Rfd1 Nc5 13. Qb5 Qxb5 14. Nxb5 Be6 15. Bxe6 Nxe6 16. Be5 a6 1/2-1/2

[Event "Sharjah Master 2024"]
[Site "Shsrjah - Abu Dhabi"]
[Date "2024.05.21"]
[Round "?"]
[White "Murzin, Volodar"]
[Black "Aravindh, Chithambaram VR."]
[Result "1-0"]
[WhiteElo "2631"]
[BlackElo "2670"]
[PlyCount "101"]
[EventDate "2024.05.14"]
[EventCountry "UAE"]

{[%evp 11,101,49,64,54,54,25,43,40,61,19,22,17,14,14,22,16,22,15,25,18,30,17,43,23,26,26,31,25,32,25,53,53,51,53,52,53,53,53,107,51,48,30,43,19,13,15,48,16,21,0,0,-9,10,9,25,0,19,0,0,0,5,3,16,0,0,0,17,-4,39,-1,-3,-5,25,0,1,1,69,69,196,196,310,314,401,269,394,403,406,385,409,401,409,413]} 1. e4 (1. d4) 1... c5 2. Nf3 e6 3. d4 cxd4 4. Nxd4 a6 5. Bd3 Bc5 6. Nb3 Be7 7. Be3 Nf6 $146 ({RR} 7... d6 8. O-O Nf6 9. f4 Nc6 10. N1d2 O-O 11. Qf3 Qc7 (11... e5 $11 {remains equal.}) 12. c3 b6 13. Rae1 Bb7 14. Nd4 Rfe8 15. Qg3 Bf8 16. Nxc6 Bxc6 17. e5 Nd7 18. Bd4 g6 19. h4 b5 20. h5 Bg7 21. hxg6 hxg6 (21... fxg6 $16 22. Ne4 Bxe4 23. Bxe4 dxe5) 22. Be4 {Hnatyshyn,A (2152)-Cramling,P (2437) Monaco MNC 2024 ½-½ (80)}) 8. N1d2 {And now Nc4 would win.} d6 9. a4 {White is slightly better.} Nc6 10. Nc4 d5 11. Bb6 Qd7 12. exd5 exd5 13. Ne3 Qd6 {[#] White must now prevent ...Qb4+.} 14. O-O O-O 15. Re1 Be6 16. c3 g6 17. Bc5 Qc7 18. Bxe7 Nxe7 19. Nd4 Rae8 20. Be2 Nc8 {[%cal Be7c8,Bc8d6,Bd6e4,Be4c5,Bc5d7,Bd7e5,Be5d3][%mdl 32]} 21. Bf3 Nd6 22. Qb3 Nde4 23. Rad1 Nc5 24. Qa2 Rd8 $6 {Inaccuracy. Nce4 was best.} (24... Nce4 25. g3 Qc5 26. Bg2 Re7 27. Re2 Kg7 28. Rc2 Bd7 29. b4 Qd6 30. Ne2) 25. a5 $6 {Inaccuracy. b4 was best.} (25. b4) (25. b4 $16 Nce4 26. Nxe6 fxe6 27. Bxe4 Nxe4 28. Nxd5 Rxd5 29. Rxd5 Rxf2 30. Rd2 Rxd2 31. Qxe6+ {[%mdl 64] Double Attack} Kg7 32. Qxe4) 25... Rfe8 $14 26. Qa3 Ncd7 27. g3 Ne5 28. Bg2 Bc8 29. Re2 h5 30. Rde1 Kg7 31. Qa4 Nd3 32. Rd1 Nc5 33. Qa3 Nce4 34. Rde1 h4 35. Qb4 Nc5 36. Rd1 Nce4 37. Nf3 hxg3 38. hxg3 Nd6 39. Rde1 Rh8 40. Qb6 Qxb6 41. axb6 Nb5 42. c4 dxc4 43. Nxc4 Bg4 $6 {Inaccuracy. Nd4 was best.} (43... Nd4 44. Re7 Nxf3+ 45. Bxf3 Nd5 46. R7e4 Be6 47. b3 Rd7 48. Rd1 Rc8 49. Red4) (43... Nd4 $11 44. Nxd4 Rxd4) 44. Re7 $36 {[%mdl 2048] Strongly threatening Ng5. White is pushing.} Rd7 $2 {Mistake. Bxf3 was best.} (44... Bxf3 45. Bxf3 Nd6 $1 46. b3 Rhe8 47. Rxe8 Nfxe8 48. Na5 Rb8 49. Rd1 Kf6 50. b4) ({Black should try} 44... Bxf3 $1 $14 45. Bxf3 Nd6) 45. Ng5 $1 $18 {[%csl LRb7,LRf7][%mdl 64] [#] Discovered Attack} Rhd8 $2 {Mistake. Rc8 was best.} (45... Rc8 46. b3 Kf8 47. Rxd7 Nxd7 48. Bxb7 Rb8 49. Bd5 Nxb6 50. Bxf7 Nxc4 51. bxc4) (45... Rc8 $142) 46. Bxb7 Nd4 47. Rxd7 $2 {Mistake. Nxf7 was best.} (47. Nxf7 Rb8 48. Nfd6+ Kf8 49. Rxd7 Bxd7 50. Bh1 Bg4 51. Re3 Nc2 52. Rd3 Nb4) 47... Rxd7 $2 {Mistake. Nxd7 was best.} (47... Nxd7 48. f3 Bf5 49. Bd5 Rb8 50. Rd1 Nc2 51. g4 Bxg4 52. fxg4 Nxb6 53. Bxf7) (47... Nxd7 {might work better.} 48. Bd5 (48. Bxa6 Be2 $16) 48... Be2) 48. Bc8 {White is winning.} Rd5 49. b7 Rb5 50. Bxg4 Nxg4 51. Re4 {[%mdl 64] Double Attack. Accuracy: White = 63%, Black = 59%.} 1-0

[Event "Sharjah Master 2024"]
[Site "Shsrjah - Abu Dhabi"]
[Date "2024.05.21"]
[Round "?"]
[White "Maghsoodloo, Parham"]
[Black "Muradli, Mahammad"]
[Result "1-0"]
[WhiteElo "2732"]
[BlackElo "2560"]
[PlyCount "181"]
[EventDate "2024.05.14"]
[EventCountry "UAE"]

{[%evp 18,181,19,19,19,17,18,17,21,23,27,18,20,0,14,0,42,41,39,13,125,39,125,118,141,94,83,80,80,80,80,74,80,80,76,81,78,82,77,78,148,139,160,162,221,64,59,61,68,0,0,0,71,0,0,-1,0,0,0,0,0,0,0,0,0,0,0,0,0,0,46,36,47,43,48,47,48,45,44,45,55,54,65,63,64,64,66,65,134,144,125,50,102,33,157,94,264,58,158,59,60,49,58,59,60,59,65,59,137,19,66,19,60,58,58,32,29,42,39,35,46,35,35,43,45,38,41,48,48,0,45,0,48,48,45,46,43,42,42,36,53,53,52,52,52,52,53,52,53,52,143,146,285,283,358,358,351,342,505,504,627,627,29991,29992,29997,29998]} 1. d4 Nf6 2. c4 e6 3. Nc3 Bb4 4. e3 O-O 5. Bd3 d5 6. a3 Bxc3+ 7. bxc3 dxc4 8. Bxc4 c5 9. Nf3 Qc7 10. Be2 b6 11. Bb2 Bb7 12. O-O (12. Kf1 {12.0-0 0.25}) 12... Rd8 {The position is equal.} 13. Re1 Nc6 14. Rc1 Rac8 15. Bf1 $146 ({RR} 15. c4 Ne7 16. Qb3 cxd4 17. exd4 Qf4 18. Rcd1 Ng6 19. Bc1 Qc7 20. Bg5 Rd7 21. h3 Ne4 22. Be3 Nd6 (22... h6 $11) 23. d5 $1 e5 (23... exd5 $14 24. cxd5 Ne4) 24. Nd2 f5 25. f3 $1 Qd8 26. Qa4 Ba8 27. Qb4 Rdc7 28. a4 Ne7 (28... Nb7 $142 29. Nb3 Qd6) 29. a5 (29. Bf1 $18) 29... b5 {Soriano Quispe,I (2271)-Perez Gormaz,M (2388) Florianopolis BRA 2024 ½-½ (80)}) ({RR} 15. Bd3 c4 16. Bxc4 Na5 $1 17. Bf1 Bxf3 18. Qxf3 Nc4 19. Bxc4 Qxc4 20. Rcd1 Qb3 21. Rd2 Ne8 22. Qd1 Qxd1 23. Rdxd1 Rc4 24. e4 Nd6 25. Rd3 Kf8 26. f3 Ke7 27. Kf2 Ra4 28. Rb1 Nc4 29. Bc1 Ra5 {Royal,S (2438)-Jacobson,B (2538) Hastings ENG 2023 1-0 (63)}) 15... Ne7 16. Ne5 Nd7 17. Nxd7 Rxd7 18. Qg4 Qc6 $2 {Mistake. f5 was best.} (18... f5 19. Qh4 c4 20. Rcd1 Ng6 21. Qh3 Rf7 22. Qg3 Qe7 23. a4 Be4 24. f3) (18... f5 $11 19. Qg3 Qxg3 20. hxg3 c4) 19. f3 $6 {Inaccuracy. d5 was best.} (19. d5 exd5 20. Bb5 $1 Qxb5 21. c4 {[%csl Gb2][%cal Rg4g7]} Qxb2 22. Qxd7 Bc6 23. Qxe7 dxc4 24. Qxa7 c3) (19. d5 $1 $16 exd5 20. Bb5 $1 {[%mdl 512]} Qxb5 21. c4 Qxb2 22. Qxd7 {[%mdl 64] Double Attack}) 19... Kf8 $6 {Inaccuracy. Qc7 was best.} (19... Qc7 20. h4) (19... Qc7 $14) 20. c4 $16 f6 21. Bd3 h6 22. d5 exd5 23. cxd5 Rxd5 24. Be4 Qd7 25. Bxd5 Qxg4 26. fxg4 Bxd5 27. e4 Be6 28. h3 b5 $6 {Inaccuracy. Kf7 was best.} (28... Kf7 29. Rf1 c4 30. Rf2 Kg8 31. Bc3 Nc6 32. Rd1 Rc7 33. Kf1 Bd7 34. Rd6) (28... c4 $142) 29. Red1 Kf7 30. Rd6 c4 (30... Ng6 $142 31. Kf2 Rc7) 31. Bc3 $2 {Mistake. e5 was best.} (31. e5 $1 {[%cal Re5f6]} f5 32. Ra6 Rc7 33. gxf5 Nxf5 34. Bc3 Ng3 35. Re1 h5 36. Re3 h4) (31. e5 $1 $18) 31... Nc6 $1 $14 32. Rb1 a6 {[%cal Ba7a6,Ba6b5,Bb5b4,Bb4b3][%mdl 32]} 33. Kf2 $6 {Inaccuracy. Rd2 was best.} (33. Rd2 Ne5) (33. a4 $14) 33... Ke7 $11 34. Rd2 (34. Rdd1 $11) 34... Ne5 $16 35. a4 (35. Rd4 $1 $16) 35... Nd3+ $11 36. Ke3 Bd7 37. axb5 axb5 38. Ra2 Rc7 39. h4 Kf7 40. g5 b4 41. Bd4 {gxh6 is the strong threat.} b3 42. Ra5 hxg5 43. hxg5 Ne5 $6 {Inaccuracy. Nb4 was best.} (43... Nb4 44. Bc3 Na2 $1 45. Bd4) 44. gxf6 (44. Bxe5 fxe5 45. Ra3 (45. Rxe5 $2 c3 $19) 45... Bg4 $15) 44... gxf6 45. Rf1 Ke7 46. Rc5 Rxc5 47. Bxc5+ $14 {[%mdl 4096] Endgame KRB-KBN} Kf7 48. Bd4 {Black must now prevent Bxe5.} Ng4+ 49. Kf4 Be6 50. Ra1 Ne5 51. Ra7+ Kg6 52. Ra6 Nd3+ (52... Kf7 $1 $14 53. Ke3 Nd3 54. Ra7+ Kg6) 53. Ke3 $16 Kf7 54. Kd2 $6 {Inaccuracy. Ra7+ was best.} (54. Ra7+ $1 Kg6 55. Kd2 Nf4 56. Ra6 Kf7 57. Ra1 Ke7 (57... Kg6 $16 58. Ra6 Kf7 59. Ra7+ Kg6) 58. Bc3 Kf7 59. Rf1 Nh5) (54. Ra7+ $1 $16 Kg6 55. Kd2) 54... Nf4 55. g3 $6 {Inaccuracy. Ra1 was best.} (55. Ra1 Kg6 56. g3 Nh3 $1 57. Ke3 Ng5 58. Ra6 Kf7 59. Rb6 Nh7 60. Rb7+ Kg6) (55. Ra7+ $16 Kg6 56. Ra6) 55... Nd3 $6 {Inaccuracy. Nh5 was best.} (55... Nh5 $1 56. Ra7+ Kg6 57. Ra1 Kg5 58. Ra6 Bf7 59. Ke3 f5 60. Ra7 Bg8 61. exf5) (55... Nh5 $14) 56. Rb6 (56. Ra7+ $142 Kg6 57. Rb7) 56... Ne5 $2 {Mistake. Ke7 was best.} (56... Ke7 57. Rb7+) (56... Ke7 $16 57. Kc3 Kd7 58. Rb7+ (58. Bxf6 Nc5 $16) 58... Kd6) 57. Ke3 $4 {Blunder. Bxe5 was best.} (57. Bxe5 $1 fxe5 58. Kc3 Ke7 59. Ra6 Kd7 60. Ra7+ Kd6 61. Rg7 Bd7 62. Rg6+ $1 Kc7) (57. Bxe5 $1 $18 fxe5 58. Kc3) 57... Nd3 $2 {Mistake. Ng4+ was best.} (57... Ng4+ 58. Kd2) ({Better is} 57... Ke7 $14 58. Bxe5 fxe5) 58. Bc3 $2 {Mistake. Rb7+ was best.} (58. Rb7+ $1) ({White should try} 58. Rb7+ $1 $16 Kg6 59. Kd2) 58... Ne5 $14 59. Kd4 Nf3+ 60. Ke3 Ne5 61. Rb7+ Kg6 62. Rb5 Nd3 (62... Ng4+ $14 63. Ke2 Bf7) 63. Kd4 $6 {Inaccuracy. Rb6 was best.} (63. Rb6 Kf7 64. Rb7+ Kg6 65. Rc7 Nb4 66. Kd2 Na2 67. Ba1 Nb4 68. Rb7 Nd3) (63. Rb6 $16 Kf7 64. Rb7+ Kg6 65. Bd4) 63... Kf7 $6 {Inaccuracy. Nc1 was best.} (63... Nc1 64. Ba1 Ne2+ 65. Ke3 Nxg3 66. Rb6 Kf7 67. Rb7+ Kg6 68. Bb2 Nh5 69. Rb5) 64. Rb6 Ne5 65. Rb7+ Kg6 66. Kc5 {aiming for Bxe5.} Nd3+ 67. Kd6 Bf7 68. Bd4 {Strongly threatening Ke7.} Ne5 69. Bc3 Nd3 70. Bd4 {Hoping for Ke7.} Ne5 71. Kc5 Nd3+ 72. Kb5 Be6 73. Kc6 Ne5+ 74. Kd6 Bf7 75. Kc5 Nd3+ 76. Kb5 Be6 77. Rb6 Kf7 78. Kc6 {Threatens to win with Kd6.} Ne5+ 79. Kd6 Nf3 $1 {[%cal Rf3d4]} 80. Bb2 {And now Rb7+ would win.} Ng5 81. Rb7+ Kg6 82. e5 Bf7 $1 83. Rb6 fxe5 $6 {Inaccuracy. Ne4+ was best.} (83... Ne4+ 84. Ke7) ({Black should play} 83... c3 $14 84. Bxc3 Ne4+ 85. Kd7 Nxc3) 84. Kxe5+ $16 Kh5 $2 {[#] Mistake. Be6 was best.} (84... Be6 85. Bc1 c3 86. Kd4 b2 87. Bf4 $1 Nh3 {[#]} 88. Be3 $1 Kh5 89. Kxc3 Kg4 90. Kxb2) (84... Be6 $16 {might work better.} 85. g4 (85. Rxe6+ Nxe6 86. Kd5 c3 $11) 85... Kf7) 85. Kf4 $1 $18 {White wants to mate with g4+.} Nh3+ 86. Kf5 {Threatening mate with Bg7.} Nf2 $2 {Mistake. Bg8 was best.} (86... Bg8 87. g4+ Kh4 88. g5 $1 Nxg5 89. Rh6+ Kg3 90. Kxg5 Kf3 91. Kf5 Bf7 92. Ke5) 87. Bd4 Ng4 (87... b2 {was necessary.} 88. Bxb2 (88. Bxf2 b1=Q+ 89. Rxb1 Bg6+ 90. Ke5 Bxb1 $11) 88... Be8) 88. Kf4 Be8 89. Rb7 Nh6 $4 {Checkmate is now unavoidable. c3 was best.} (89... c3 90. Rxb3 c2 91. Rc3 Nh6 92. Rxc2 Nf7 (92... Kg6 $18 93. Rc8 Bb5) 93. Re2 Ba4 94. g4+ Kh6 95. Re6+) 90. Rh7 Bf7 91. g4+ {Accuracy: White = 73%, Black = 62%.} 1-0

[Event "Sharjah Master 2024"]
[Site "Shsrjah - Abu Dhabi"]
[Date "2024.05.21"]
[Round "?"]
[White "Vokhidov, Shamsiddin"]
[Black "Niemann, Hans Moke"]
[Result "1-0"]
[WhiteElo "2591"]
[BlackElo "2688"]
[PlyCount "83"]
[EventDate "2024.05.14"]
[EventCountry "UAE"]

{[%evp 9,83,44,48,52,48,55,61,57,59,30,23,-10,29,25,17,17,20,7,19,7,11,-3,1,0,0,0,0,2,5,-5,-12,-66,-53,-69,-35,-31,-13,-22,-10,-3,20,21,62,64,137,138,144,137,139,137,137,51,62,78,67,55,58,58,155,156,153,152,165,168,182,167,217,139,166,26,29,30,40,25,443,434]} 1. e4 c5 2. Nf3 Nc6 3. Bb5 Nf6 4. Bxc6 dxc6 5. d3 Qc7 6. e5 ({RR} 6. Nbd2 e5 7. a4 Be6 8. b3 Be7 9. Nc4 Nd7 10. Ng5 Bxc4 11. bxc4 Nf8 12. Qg4 h5 13. Qf5 Bd6 14. O-O Qe7 15. Qh3 (15. f4 $14) 15... f6 16. Nf3 g5 $1 17. Nd2 Ne6 18. Re1 g4 19. Qe3 O-O-O 20. Qe2 Rdg8 {Praggnanandhaa,R (2747)-Caruana,F (2803) Toronto CAN 2024 0-1 (89)}) 6... Nd5 7. c4 $146 (7. c4 $5 {[%cal Rc4d5]}) (7. c4 $5 {[%cal Rc4d5]}) ({RR} 7. h3 g6 8. Qe2 Bg7 9. O-O O-O 10. c4 Nb6 11. Bf4 h6 12. Nc3 Be6 13. Rad1 Rfd8 14. Qe3 Nd7 15. Ne4 b6 (15... g5 $16) 16. Nf6+ Kh8 17. Nxd7 g5 18. Nxc5 $1 bxc5 19. Bg3 Qa5 20. Rd2 Bf5 21. b3 e6 {Dhananjay,S (2151)-Liyanage,R (2366) Bangalore IND 2024 ½-½ (48)}) 7... Nb4 8. a3 {White is slightly better.} Na6 9. Qe2 Bg4 10. Nbd2 Rd8 11. h3 Bf5 12. Ne4 Qd7 13. g4 Bg6 14. Nh4 Bxe4 15. dxe4 Nc7 $1 16. Be3 Ne6 $1 17. f4 g5 18. fxg5 Bg7 19. O-O Qd3 20. Qf2 Rf8 21. Nf3 Qxe4 22. Bxc5 Rd3 (22... Nf4 $5 {[%cal Rf4h3]} 23. Qh2 b6 $15) 23. Bxa7 Nf4 24. Kh2 Qxc4 ({Weaker is} 24... Bxe5 25. Rae1 $16) 25. Rad1 Qd5 26. Bd4 $1 Qe4 $6 {Inaccuracy. c5 was best.} (26... c5 $1) (26... c5 $1 $14 27. Rxd3 Nxd3) 27. Qc2 $16 Rxd4 28. Nxd4 Qxc2+ 29. Nxc2 Bxe5 30. b4 $6 {Inaccuracy. Rf3 was best.} (30. Rf3 Rg8 31. Rdf1 Nd5+ 32. Kg2 Rxg5 33. Rf5 h6 34. Rxg5 hxg5 35. Kf3 Nf4) ({White should try} 30. Rf3 $16) 30... Rg8 31. Kg3 Ne6+ 32. Kg2 Nf4+ 33. Kg3 Nd5+ $6 {[#] Inaccuracy. Ne6+ was best.} (33... Ne6+) (33... Ne6+ $14 34. Kf2 Rxg5) 34. Kf3 $1 Rxg5 (34... Rg7 $2 {34...xg5 1.51 Mistake. Rxg5 was best.} 35. g6 $4 {Blunder. h4 was best.} (35. h4 Rg6 36. Ne3 Nxe3 37. Kxe3 Bg3 38. Rh1 f6 39. Kf3 Bc7 40. gxf6 Rxf6+) ({Better is} 35. h4 $18) 35... Rxg6 {[#]} (35... hxg6 $14 36. Ne3 e6) 36. Ne3 $1 {[%cal Re3d5]} Rg5 $4 {Blunder. Nc3 was best.} (36... Nc3) (36... Nc3 $16) 37. h4 $6 {Inaccuracy. Nxd5 was best.} (37. Nxd5 cxd5 38. Rxd5 f6 39. Rb5 h5 40. a4 hxg4+ 41. hxg4 f5 42. Rxe5 Rxg4) (37. Nxd5 $142 cxd5 38. Rxd5) 37... e6 $2 {Mistake. Nxe3 was best.} (37... Nxe3 38. hxg5 Nxd1 39. Rxd1 e6 (39... b5 $142 40. Rd2 Bc7) 40. a4 Bc7 41. Rh1 Bd8 42. Rh5 Be7 43. b5) (37... Nxe3 {was worth a try.} 38. hxg5 Nxd1)) 35. Ne3 e6 (35... Nb6 36. Ke2 f6 37. Rf5 Rg7 38. Rh5 e6 39. Kf3 Rf7 40. Rd3) 36. h4 $36 {[%mdl 2048] White is really pushing.} Rg8 {Black wants to play ...Nxe3.} 37. g5 Rf8 38. Ng4 Bb2 39. Rd3 (39. Rf2 $18 Bh8 40. Rdf1) 39... f5 $11 40. Ne3 e5 $1 {[%cal Re5e4] White must now prevent ...e4+.} 41. Ke2 Bd4 $2 {[%mdl 8192]} (41... Nxe3 $1 $11 42. Kxe3 (42. Rxe3 Ke7 $11) 42... Ke7) 42. Nxf5 {Accuracy: White = 75%, Black = 66%.} 1-0

[Event "Sharjah Master 2024"]
[Site "Shsrjah - Abu Dhabi"]
[Date "2024.05.21"]
[Round "?"]
[White "Salem, A.R. Saleh"]
[Black "Nguyen, Thai Dai Van"]
[Result "1-0"]
[WhiteElo "2629"]
[BlackElo "2649"]
[PlyCount "103"]
[EventDate "2024.05.14"]
[EventCountry "UAE"]

{[%evp 11,103,16,21,11,11,7,6,6,31,37,32,36,30,34,29,7,14,4,13,6,41,32,25,26,46,29,25,26,47,24,52,48,46,49,45,44,44,48,43,32,35,19,21,21,19,12,17,11,11,11,3,0,43,42,42,14,17,7,22,6,11,13,79,71,163,160,137,149,174,173,141,138,159,146,137,134,204,201,207,214,221,202,186,182,251,251,447,441,435,435,414,435,522,504]} 1. d4 d5 2. Nf3 Nf6 3. g3 g6 4. Bg2 Bg7 5. c4 c6 6. O-O O-O 7. a4 Be6 8. Nc3 $146 ({RR} 8. Qb3 Qb6 9. Qa3 dxc4 10. Qxe7 (10. a5 $11 Qd8 11. Nc3) 10... Re8 (10... a5 $1 $17) 11. Qd6 (11. a5 $11 {remains equal.} Qb3 12. Qa3) 11... a5 12. Qf4 Na6 13. Qh4 Bd5 14. Nc3 Ne4 15. Ng5 Nxg5 16. Nxd5 ({Better is} 16. Bxd5 $15 cxd5 17. Bxg5) 16... cxd5 17. Bxg5 Rxe2 (17... Nb4 $17 18. e3 f6) 18. Bxd5 Nb4 (18... Qxd4 $11 19. Qxd4 Bxd4) 19. Bxc4 Rc2 20. Rac1 Rxc1 21. Rxc1 Qxd4 22. Qxd4 Bxd4 {Kulkarni,B (2372)-Pogorelskikh,S (2214) Belgrade SRB 2024 1-0 (67)}) ({RR} 8. Na3 dxc4 9. Ng5 Bd5 10. e4 h6 11. exd5 hxg5 12. dxc6 Nxc6 13. Nxc4 g4 (13... Qxd4 $11 14. Qxd4 Nxd4) 14. d5 $1 {[%cal Rd5c6]} Nb4 15. d6 exd6 16. Nxd6 Rb8 17. Nxb7 ({White should try} 17. Be3 $16) 17... Qb6 $2 (17... Qc8 $1 $11 {and Black is okay.}) 18. Be3 Qa6 19. Nc5 Qa5 (19... Qc8 $16) 20. Qe2 Rfe8 21. Qc4 $1 Rbc8 22. Rac1 Qb6 $2 {Ju,W (2560)-Injac,T (2447) Samarkand UZB 2023 ½-½ (88)} (22... Nd7 $16)) 8... dxc4 9. e4 {The position is equal.} Bg4 10. h3 Bxf3 $1 11. Bxf3 e5 12. dxe5 {aiming for Qxd8.} Nfd7 13. e6 $1 {[%cal Re6d7]} fxe6 14. Be2 Ne5 15. Be3 Nd3 16. Bxd3 cxd3 17. Qb3 Qc8 18. f4 c5 19. Qc4 b6 20. e5 Nc6 21. Qxd3 Rd8 22. Qe4 Nb4 23. Rfd1 Qc6 24. Qxc6 Nxc6 25. Nb5 Bf8 26. Kf2 Kf7 27. Kf3 Be7 28. Ke4 a6 29. Na3 Nb4 30. g4 Nd5 31. Bf2 Rac8 32. Nc4 b5 33. axb5 axb5 34. Ne3 {[%cal Re3d5]} Nxe3 35. Bxe3 Rxd1 36. Rxd1 $11 {[%mdl 4096] Endgame KRB-KRB} Ra8 $6 {Inaccuracy. c4 was best.} (36... c4 37. Rd7) (36... c4 $11) 37. Rd7 $16 {Hoping for Bxc5.} Ra4+ $6 {Inaccuracy. Ke8 was best.} (37... Ke8 {[#]} 38. Rb7 $1 {[%cal Rb7b5]} Ra5 39. Rb8+ Kf7 40. Kd3 h5 41. Rb7 Ke8 42. g5 h4 43. Rb6) (37... Ke8 $16 38. Rb7 Ra5 39. Rb8+ Kf7) 38. Kf3 $18 Ke8 39. Rb7 b4 {[#]} 40. f5 $1 {[%cal Rf5f6]} gxf5 41. gxf5 exf5 42. Kf4 c4 43. Kxf5 c3 $6 {Inaccuracy. Ra6 was best.} (43... Ra6 44. Bd2 (44. Rb8+ $16 Kd7 45. Rb7+ Kd8 46. Bd2)) (43... Ra6 $16 {was worth a try.}) 44. bxc3 bxc3 45. Rc7 Ra2 {intending ...c2.} 46. Rc8+ Kd7 47. Rxc3 {e6+ is the strong threat.} Ra6 (47... Rb2 {was called for.} 48. Rd3+ Kc6) 48. Rb3 Ra8 $2 {Mistake. Ke8 was best.} (48... Ke8 49. Rb8+ Kf7 50. Bb6 Kg7 51. e6 Ra4 52. Bc7 Rh4 53. Be5+ Kh6 54. Rg8) (48... Ke8 {is a better defense.} 49. Rb8+ Kd7 50. Rb7+ Ke8) 49. Rb7+ Ke8 50. Bg5 Bxg5 51. Kxg5 h6+ 52. Kf6 {Accuracy: White = 90%, Black = 64%.} 1-0

[Event "Sharjah Master 2024"]
[Site "Shsrjah - Abu Dhabi"]
[Date "2024.05.21"]
[Round "?"]
[White "Sankalp Gupta"]
[Black "Mendonca, Leon Luke"]
[Result "1/2-1/2"]
[WhiteElo "2531"]
[BlackElo "2640"]
[PlyCount "68"]
[EventDate "2024.05.14"]
[EventCountry "UAE"]

1. Nf3 d5 2. g3 Nf6 3. Bg2 c6 4. O-O Bg4 5. c4 e6 6. h3 Bxf3 $146 ({RR} 6... Bh5 7. cxd5 exd5 8. d4 Nbd7 9. Ne5 Bg6 10. Nc3 Bb4 11. f4 Bxc3 12. bxc3 Be4 13. Ba3 Bxg2 14. Kxg2 Ne4 15. Qd3 f6 16. Ng4 Nb6 17. Nf2 Nxf2 18. Rxf2 Nc4 19. Bc1 Nd6 20. Ba3 Ne4 21. Rf3 {Gutkin,I (2289)-Gubajdullin,A (2253) chess.com INT 2024 0-1 (42)}) ({RR} 6... Bh5 7. Qb3 Qb6 8. d3 Qxb3 9. axb3 Nbd7 10. Nc3 a6 11. cxd5 exd5 12. Nh4 Bb4 13. g4 Bg6 14. Ra4 a5 15. f4 h6 16. Nxg6 fxg6 17. Ra2 O-O 18. e4 dxe4 19. dxe4 Nc5 20. e5 Nfd7 21. Be3 {Gokhale,R (2078)-Floresvillar Gonzalez,L (2019) chess.com INT 2024 1-0 (39)}) 7. Bxf3 dxc4 8. Na3 Bxa3 9. bxa3 O-O 10. a4 Qa5 11. Rb1 Qa6 12. Ba3 Re8 13. d4 Nbd7 14. Qc2 Rac8 15. Bc1 Nb6 16. Bg5 Nxa4 17. Bxf6 gxf6 18. Qe4 b5 19. Qh4 $6 {Inaccuracy. Qg4+ was best.} (19. Qg4+ Kf8 20. Qh4 Qb6 21. Qxf6 Qd8 22. Qh8+ Ke7 23. Qe5 Rg8 24. Qf4 Rg6) 19... Qb7 20. Qxf6 Qe7 21. Qh6 Nc3 22. Rb2 Nd5 23. Rd1 Qf6 24. Qc1 Red8 25. Kg2 a5 $6 {Inaccuracy. Nb6 was best.} (25... Nb6 26. e3 a5 27. a3 Na4 28. Rb1 c3 29. h4 Nb2 30. Qxc3 Nxd1 31. Rxd1) 26. e4 Nb4 27. e5 Qg6 28. Re2 Nd3 29. Qe3 c5 30. Be4 cxd4 31. Qd2 Qh5 32. Bf3 Qf5 33. Be4 Qh5 34. Bf3 Qf5 1/2-1/2

[Event "Sharjah Master 2024"]
[Site "Shsrjah - Abu Dhabi"]
[Date "2024.05.21"]
[Round "?"]
[White "Zemlyanskii, Ivan"]
[Black "Mishra, Abhimanyu"]
[Result "1/2-1/2"]
[WhiteElo "2516"]
[BlackElo "2634"]
[PlyCount "54"]
[EventDate "2024.05.14"]
[EventCountry "UAE"]

1. e4 c5 2. Nf3 d6 3. d4 cxd4 4. Nxd4 Nf6 5. Nc3 a6 6. Bg5 e6 7. f4 Qb6 8. Qd2 Qxb2 9. Rb1 Qa3 10. e5 h6 11. Bh4 dxe5 12. fxe5 Nfd7 13. Ne4 Qxa2 14. Rd1 Qd5 15. Qe3 Qxe5 16. Be2 Bc5 17. Bg3 Qd5 18. O-O e5 $146 ({RR} 18... O-O 19. c4 Bxd4 20. Rxd4 Qa5 21. Bd6 Nc6 22. Rdd1 Re8 23. c5 Ne7 24. Ng3 Ng6 25. Qf2 Nh8 26. Nh5 Qc3 27. Rd3 Qb2 28. Rf3 Rd8 29. Be7 Ne5 30. Bxd8 Nxf3+ 31. Bxf3 Qxf2+ 32. Kxf2 Bd7 33. Bc7 {Minkhajdarov,R (1956)-Plotnikov,B (2097) Ershovo RUS 2024 ½-½ (66)}) 19. Nxc5 Qxc5 20. Rxf7 Kxf7 21. Qb3+ Ke7 22. Bf2 exd4 23. Bxd4 Qd6 24. Bh5 g6 25. Qe3+ Qe6 26. Qg3 gxh5 27. Bxh8 Kd8 1/2-1/2

[Event "Sharjah Master 2024"]
[Site "Shsrjah - Abu Dhabi"]
[Date "2024.05.21"]
[Round "?"]
[White "Artemiev, Vladislav"]
[Black "Gledura, Benjamin"]
[Result "1/2-1/2"]
[WhiteElo "2705"]
[BlackElo "2619"]
[PlyCount "121"]
[EventDate "2024.05.14"]
[EventCountry "UAE"]

1. d4 d5 2. Nf3 Nf6 3. Bf4 c5 4. e3 Nc6 5. Nbd2 Bg4 6. c3 e6 7. Qb3 Qc8 8. Nh4 Bh5 9. h3 Be7 10. g4 Bg6 11. Nxg6 hxg6 12. Be2 Qd7 13. dxc5 Bxc5 14. O-O-O Na5 15. Qb5 $146 ({RR} 15. Qc2 Bd6 16. Bxd6 Qxd6 17. Kb1 O-O-O 18. g5 Ng8 19. c4 Nc6 20. cxd5 exd5 21. Ne4 Qc7 22. Nc5 Nge7 23. Qb3 Qb6 24. Bg4+ Kc7 25. Qc2 Qb4 26. f3 Kb8 27. Rd3 Na5 28. Rhd1 Ka8 29. a3 Qb5 {Aravindh,C (2662)-Balakrishnan,P (2500) Ciutadella de Menorca ESP 2024 ½-½ (82)}) 15... Qxb5 16. Bxb5+ Nc6 17. g5 Nd7 18. c4 a6 19. Ba4 Nb6 20. cxd5 exd5 21. Bb3 O-O-O 22. h4 Bd6 23. Bxd6 Rxd6 24. Nf3 Kc7 25. Kc2 Nc4 26. Bxc4 dxc4 27. Rxd6 Kxd6 28. Rd1+ Kc7 29. Kc3 b5 30. a4 bxa4 31. Ra1 Rb8 32. Nd2 Rb4 33. Rh1 a5 34. f4 Na7 35. Nxc4 Nb5+ 36. Kd3 Nd6 37. Rc1 Nxc4 38. Rxc4+ Kd6 39. Rc2 Kd5 40. Rd2 Rb3+ 41. Kc2+ Ke4 42. Rd7 Rxe3 43. Rxf7 Rh3 44. Ra7 Rxh4 45. Rxg7 Rxf4 46. Rxg6 Kf5 47. Rg8 Rb4 48. Rg7 Rb5 49. Rg8 Rb4 50. g6 Kf6 51. Kc3 Rb3+ 52. Kc2 Rb5 53. Kc1 Rb4 54. g7 Kf7 55. Ra8 Kxg7 56. Rxa5 Kf6 57. Kb1 Ke6 58. Ka2 Kd6 59. Ka3 Rb3+ 60. Kxa4 Rxb2 61. Rb5 1/2-1/2